000 02323 a2200301 4500
001 49435
005 20260407155758.0
008 260407a1991 arg spa d
003 AR-UNSa-BCEJYS
040 _aAR-UNSa-BCEJYS
_bspa
_cAR-UNSa-BCEJYS
080 _a347.736
_xQuiebra. Insolvencia. Suspensión de pagos. Bancarrota, procedimientos. Derecho Concursal
245 1 0 _aDerecho concursal
020 _a950-569-032-0
264 1 _aBuenos Aires :
_bAbaco de Rodolfo Depalma
_c1991
300 _a2 v. (575 ; 480 p.)
_c23 cm.
505 _aVol. I: NATURALEZA, CRISIS, PRESUPUESTOS Y PROCESOS: 1. La quiebra en el marco de la protección jurisdiccional de los derechos subjetivos / Arnoldo Kleidermacher - 2. La naturaleza, las caracteristícas, las reglas generales de la quiebra / Arnoldo Kleidermacher - 3. Los presupuestos subjetivos de la quiebra / Arnoldo Kleidermacher - 4. Los presupuestos objetivos de la quibra / Héctor Alegria - 5. La declaración de quiebra / Marcelo Gebhardt - 6. Los órganos del proceso de quiebra /Diana Farhi de Montalbán - - Vol. II: EFECTOS UNIVERSALES Y ADMINISTRACIÓN DE LA QUIEBRA: ACTUALIZACIÓN DEL PRIMER TOMO: A). Los nuevos ordenamientos concursales en el Derecho comparado y en la Argentina. Ley 24.522 / Arnoldo Kleidermacher - B). Los órganos de la quiebra en el ordenamiento concursal argentino / Diana Farhi de Montalbán - C). La declaración de quiebra en la Ley 24.522 / Marcelo Gebhardt - 7. Los efectos de la quiebra para el fallo / Arnoldo Kleidermacher - 8. Los efectos de la quiebra para los acreedores / Diana Farhi de Montalbán - 9. Los efectos de la quiebra sobre los actos perjudiciales para los acreedores / Marcelo Gebhardt - 10. Los efectos de la quiebra sobre las relaciones jurídicas preexistentes / Horacio Roitman - 11. La custodia y la administración de las actividades de la quiebra / Miguel E. Rubín.
041 _aspa
942 _cBK
590 _aniveau_biblio:m niveau_hierar:0
100 1 _aPajardi, Piero
700 1 _aAlegría, Héctor
700 1 _aKleidermacher, Arnoldo
700 1 _aFarhi de Montalbán, Diana
700 1 _aGebhardt, Marcelo
700 1 _aRoitman, Horacio
700 1 _aRubín, Miguel E.
856 4 1 _uhttps://www.biblioeco.unsa.edu.ar/pmb/images/libros/L128098.jpg
_yImagen de portada
_qimage/jpeg
999 _c4846
_d4846